[Event "CFriend MZ-2004-1-00001 email"]
[Site "Chessfriend.com"]
[Date "2004.08.28"]
[Round "1"]
[White "Kamenets, Anatoly"]
[Black "Matic, Davor"]
[Result "1/2-1/2"]
[WhiteElo "2106"]
[BlackElo "2243"]
[PlyCount "113"]
[EventDate "2004.??.??"]
[EventType "tourn (corr)"]
[EventRounds "6"]
[SourceTitle "Corr 2024"]
[Source "ChessBase"]
[SourceDate "2023.10.19"]
[SourceVersion "1"]
[SourceVersionDate "2023.10.19"]
[SourceQuality "1"]

1. d4 Nf6 2. c4 g6 3. Nc3 Bg7 4. e4 d6 5. Be2 0-0 6. Bg5 c5 7. d5 e6 8. Qd2 exd5 9. exd5 Re8 10. Nf3 Bg4 11. 0-0 Nbd7 12. h3 Bxf3 13. Bxf3 a6 14. a4 h5 15. Qc2 Qc7 16. Rae1 Rxe1 17. Rxe1 Ne5 18. Be2 Nh7 19. Bd2 f5 20. f4 Nf7 21. g4 hxg4 22. hxg4 Qd7 23. a5 Re8 24. g5 Qc7 25. Na4 Bd4+ 26. Kg2 Nf8 27. Qc1 Qd7 28. b3 Re7 29. Bd3 Nd8 30. Nb6 Qe8 31. Rxe7 Qxe7 32. Qe1 Kf7 33. Qxe7+ Kxe7 34. Kf3 Nf7 35. Bc2 Nd7 36. Na4 Kd8 37. Ke2 Kc7 38. Kd3 Nd8 39. Ke2 Nf7 40. Kf3 Kd8 41. Kg3 Ke7 42. Bc3 Bxc3 43. Nxc3 Nf8 44. Nd1 Nh8 45. Ne3 Kd8 46. Kf3 Nf7 47. Ke2 Ke7 48. Kd2 Kd8 49. Kc3 Kc7 50. Bd3 Nh8 51. Kb2 Nd7 52. Ka3 Kd8 53. Ka4 Kc7 54. Bc2 Nf8 55. Ng2 Nf7 56. Nh4 Nh8 57. Bd3 1/2-1/2

[Event "CFriend MZ-2004-1-00001 email"]
[Site "Chessfriend.com"]
[Date "2004.08.28"]
[Round "1"]
[White "Matic, Davor"]
[Black "Marcotulli, Giancarlo"]
[Result "1-0"]
[WhiteElo "2243"]
[BlackElo "2220"]
[PlyCount "67"]
[EventDate "2004.??.??"]
[EventType "tourn (corr)"]
[EventRounds "6"]
[SourceTitle "Corr 2024"]
[Source "ChessBase"]
[SourceDate "2023.10.19"]
[SourceVersion "1"]
[SourceVersionDate "2023.10.19"]
[SourceQuality "1"]

1. d4 d6 2. c4 e5 3. Nf3 e4 4. Ng5 f5 5. Nh3 c6 6. Nc3 Be7 7. Nf4 Nf6 8. h4 0-0 9. e3 Na6 10. Be2 Nc7 11. d5 cxd5 12. cxd5 Nd7 13. Bd2 Bf6 14. Rc1 Be5 15. Nb5 Nxb5 16. Ne6 Qb6 17. Nxf8 Kxf8 18. a4 Bxb2 19. Rc4 Nc5 20. axb5 Bd7 21. Rb4 Be5 22. Qb1 Be8 23. f4 Bf6 24. h5 Bf7 25. h6 Bxd5 26. hxg7+ Kg8 27. Rh5 Be6 28. g4 Qc7 29. gxf5 Qxg7 30. Kf2 Bf7 31. Rh2 Kh8 32. Qh1 Rg8 33. Rb1 Qg3+ 34. Kf1 1-0

[Event "IECC CL1-2004.11 email"]
[Site "IECC email"]
[Date "2004.07.04"]
[Round "?"]
[White "Le Duigou, Jean Guy"]
[Black "Matic, Davor"]
[Result "1/2-1/2"]
[WhiteElo "2199"]
[BlackElo "2307"]
[PlyCount "90"]
[EventDate "2004.??.??"]
[EventType "tourn (corr)"]
[EventRounds "4"]
[SourceTitle "Corr 2008"]
[Source "ChessBase"]
[SourceDate "2008.06.24"]
[SourceVersion "1"]
[SourceVersionDate "2008.06.24"]
[SourceQuality "1"]

1. Nf3 Nf6 2. b3 g6 3. Bb2 Bg7 4. e3 0-0 5. Be2 d5 6. 0-0 c5 7. d3 Nc6 8. Ne5 Qc7 9. Nxc6 Qxc6 10. Nd2 b6 11. c4 Bb7 12. Bf3 e6 13. Qc2 Qd7 14. Rfd1 Rac8 15. a3 Rfd8 16. b4 Qe7 17. b5 e5 18. e4 d4 19. a4 Ne8 20. a5 Nd6 21. Re1 Bh6 22. Nf1 f5 23. Ng3 Bf4 24. a6 Ba8 25. Bc1 Qh4 26. Nf1 fxe4 27. Bxe4 Bxe4 28. dxe4 Bxc1 29. Raxc1 Nf7 30. Qd3 Ng5 31. Ng3 Ne6 32. Ne2 Rc7 33. Rcd1 Rf7 34. Rf1 Rdf8 35. f3 h5 36. Qd2 Qf6 37. Nc1 h4 38. h3 Nf4 39. Nd3 Nxd3 40. Qxd3 Qg5 41. Qe2 Qg3 42. Rd3 Rf4 43. Qf2 Qg5 44. Qe2 Kg7 45. Qd2 Qg3 1/2-1/2

[Event "IECG CM.2004.0.00249 email"]
[Site "IECG email"]
[Date "2004.06.20"]
[Round "?"]
[White "Baklanov, Valentin Petrovich"]
[Black "Matic, Davor"]
[Result "1-0"]
[WhiteElo "2366"]
[BlackElo "2296"]
[PlyCount "85"]
[EventDate "2004.06.20"]
[EventType "tourn (corr)"]
[EventRounds "6"]
[SourceTitle "Corr 2008"]
[Source "ChessBase"]
[SourceDate "2008.06.24"]
[SourceVersion "1"]
[SourceVersionDate "2008.06.24"]
[SourceQuality "1"]

1. d4 Nf6 2. c4 g6 3. Nc3 Bg7 4. e4 d6 5. Be2 0-0 6. Bg5 c5 7. d5 e6 8. Qd2 Qa5 9. Nf3 a6 10. 0-0 Re8 11. Rad1 Qb6 12. dxe6 Bxe6 13. b3 Nc6 14. Qxd6 Qa5 15. Qd2 Rad8 16. Bd3 h6 17. Bxf6 Bxf6 18. Nd5 Bg7 19. Qxa5 Nxa5 20. h4 Bg4 21. Kh2 Nc6 22. Kg3 h5 23. Bb1 Nd4 24. Rd2 Nc6 25. Nh2 Be6 26. f4 b5 27. Nf3 bxc4 28. bxc4 Na5 29. Rc1 Rf8 30. e5 Bh6 31. Be4 Kg7 32. Rc3 Rb8 33. Nc7 Bxc4 34. Rd7 Rb4 35. Nd2 Bxa2 36. e6 Nc6 37. Bxc6 Bxf4+ 38. Kf3 Bxc7 39. e7 Bb6 40. exf8Q+ Kxf8 41. Rdd3 Be6 42. Bd7 Ba2 43. Rc2 1-0

[Event "IECG CM.2004.0.00249 email"]
[Site "IECG email"]
[Date "2004.06.20"]
[Round "?"]
[White "Matic, Davor"]
[Black "Dominguez, Carlos Isaias"]
[Result "1/2-1/2"]
[WhiteElo "2296"]
[BlackElo "2227"]
[PlyCount "98"]
[EventDate "2004.06.20"]
[EventType "tourn (corr)"]
[EventRounds "6"]
[SourceTitle "Corr 2008"]
[Source "ChessBase"]
[SourceDate "2008.06.24"]
[SourceVersion "1"]
[SourceVersionDate "2008.06.24"]
[SourceQuality "1"]

1. e4 c6 2. c4 e6 3. d4 d5 4. e5 c5 5. Nf3 cxd4 6. cxd5 Qxd5 7. Nbd2 Bb4 8. Bd3 Nc6 9. 0-0 Bxd2 10. Bxd2 Nxe5 11. Nxe5 Qxe5 12. Re1 Qd5 13. Bb4 Nf6 14. Rc1 Bd7 15. Rc4 Bc6 16. f3 a5 17. Ba3 b5 18. Rc5 Qd7 19. Qc1 b4 20. Rxc6 0-0 21. Rc7 Qd8 22. Qf4 Qb8 23. Bxb4 axb4 24. Rec1 Nd5 25. Qe4 g6 26. R7c4 Rxa2 27. Qxd4 Rd8 28. Bb1 Nb6 29. Rc8 Rxc8 30. Rxc8+ Nxc8 31. Bxa2 Qb6 32. Qf2 Kg7 33. g3 Kf6 34. Kg2 Qxf2+ 35. Kxf2 Ke5 36. Ke3 g5 37. f4+ gxf4+ 38. gxf4+ Kd6 39. f5 Nb6 40. fxe6 fxe6 41. Kd4 e5+ 42. Ke4 Na4 43. Bg8 h6 44. h4 Nxb2 45. Bb3 h5 46. Ke3 Kc5 47. Ke4 Nc4 48. Bd1 Kd6 49. Be2 Na5 1/2-1/2

[Event "CFriend SH-2004-0-00021 email"]
[Site "Chessfriend.com"]
[Date "2004.06.12"]
[Round "?"]
[White "Matic, Davor"]
[Black "Vidalina, Franjo"]
[Result "1/2-1/2"]
[WhiteElo "2296"]
[BlackElo "2226"]
[PlyCount "95"]
[EventDate "2004.06.12"]
[EventType "tourn (corr)"]
[EventRounds "8"]
[SourceTitle "Corr 2008"]
[Source "ChessBase"]
[SourceDate "2008.06.24"]
[SourceVersion "1"]
[SourceVersionDate "2008.06.24"]
[SourceQuality "1"]

1. d4 Nf6 2. c4 g6 3. Nc3 Bg7 4. e4 d6 5. Nf3 0-0 6. Be2 e5 7. 0-0 Nc6 8. d5 Ne7 9. Ne1 Nd7 10. f3 f5 11. Be3 h6 12. Nd3 c5 13. dxc6 bxc6 14. Qd2 f4 15. Bf2 Qc7 16. c5 d5 17. exd5 cxd5 18. Rfc1 Nf6 19. Nb5 Qb8 20. Nd6 Ne8 21. Nxc8 Qxc8 22. c6 Qe6 23. c7 Rc8 24. Bxa7 Nxc7 25. a4 Qf7 26. Bb6 Ne6 27. Nf2 Rb8 28. a5 Nc8 29. Qxd5 Nxb6 30. axb6 Rxb6 31. Ra6 Rxa6 32. Bxa6 Rd8 33. Qb3 Nd4 34. Qxf7+ Kxf7 35. Rc7+ Kg8 36. b4 Rb8 37. Bb7 Bf6 38. Bd5+ Kh8 39. Nd3 Rb6 40. Kf2 Rd6 41. Bc4 Nc2 42. Bf7 Rxd3 43. Rxc2 Kg7 44. Bc4 Rd6 45. Ke2 Be7 46. b5 Bd8 47. Bd3 g5 48. Rc8 1/2-1/2

[Event "CFriend SH-2004-0-00021 email"]
[Site "Chessfriend.com"]
[Date "2004.06.12"]
[Round "?"]
[White "Simmelink, Joop Theo"]
[Black "Matic, Davor"]
[Result "1-0"]
[WhiteElo "2341"]
[BlackElo "2296"]
[PlyCount "53"]
[EventDate "2004.06.12"]
[EventType "tourn (corr)"]
[EventRounds "8"]
[SourceTitle "Corr 2008"]
[Source "ChessBase"]
[SourceDate "2008.06.24"]
[SourceVersion "1"]
[SourceVersionDate "2008.06.24"]
[SourceQuality "1"]

1. e4 c5 2. Nf3 d6 3. d4 cxd4 4. Nxd4 Nf6 5. Nc3 a6 6. Bg5 e6 7. f4 Qc7 8. Qf3 b5 9. Bxf6 gxf6 10. 0-0-0 b4 11. Nce2 Bb7 12. Qh5 Ke7 13. Ng3 Nd7 14. Kb1 Qc5 15. Qh4 Rc8 16. Be2 Bg7 17. Rd2 Kf8 18. Bg4 Re8 19. Rhd1 Nb6 20. Be2 d5 21. f5 Qe7 22. fxe6 fxe6 23. exd5 Bxd5 24. Bh5 Rc8 25. Re2 f5 26. Qf4 e5 27. Ngxf5 1-0